| 000 | 01672nam a22004097a 4500 | ||
|---|---|---|---|
| 003 | CHAP | ||
| 005 | 20220329140722.0 | ||
| 008 | 971013s1956 r 00010 d | ||
| 010 | _a56491 | ||
| 011 | _a57463 | ||
| 035 | _a61618 | ||
| 040 | _cCHAP | ||
| 082 |
_a311.2 _bS54 1956 |
||
| 100 | 0 | 0 |
_aSnedecor, George W. _9107221 |
| 245 | _aStatistical methods applied to experiments in agriculture and biology | ||
| 250 | _a5 ed. | ||
| 260 |
_aAmes : _bIowa State College, _c1956 |
||
| 300 | _a534 p. | ||
| 590 |
_aBATCH-UPD _b10 _c20130110 _lUCH01 _h0730 |
||
| 590 |
_aBATCH-UPD _b10 _c20130410 _lUCH01 _h0413 |
||
| 590 |
_aBATCH-UPD _b10 _c20130914 _lUCH01 _h0636 |
||
| 590 |
_aCONVERSION _b10 _c20130109 _lUCH01 _h1330 |
||
| 650 | 1 | 4 |
_aAgricultura _xMetodos estadisticos. _91745 |
| 650 | 1 | 4 |
_aBiometría. _912831 |
| 650 | 1 | 4 |
_aEstadística _xMetodología. _938253 |
| 901 | _aBK | ||
| 942 | _cLIBRO | ||
| 949 |
_a311.2 S54 1956 _bBC _cLIBRO _d33724000294708 _eLIBRO _fc.4 _h4633 _i61618 _si |
||
| 949 |
_a311.2 S54 1956 _bBC _cLIBRO _d33724000294716 _eLIBRO _fc.6 _h4635 _i61618 _si |
||
| 949 |
_a311.2 S54 1956 _bBC _cLIBRO _d33724000294724 _eLIBRO _fc.5 _h4634 _i61618 _si |
||
| 949 |
_a311.2 S54 1956 _bBC _cLIBRO _d33724000294773 _eLIBRO _fc.9 _h4638 _i61618 _si |
||
| 949 |
_a311.2 S54 1956 _bBC _cLIBRO _d33724000294781 _eLIBRO _fc.3 _h4632 _i61618 _si |
||
| 949 |
_a311.2 S54 1956 _bBC _cLIBRO _d33724000294799 _eLIBRO _fc.2 _h4631 _i61618 _si |
||
| 949 |
_a311.2 S54 1956 _bBC _cLIBRO _d33724000294807 _eLIBRO _fc.10 _h4639 _i61618 _si |
||
| 949 |
_a311.2 S54 1956 _bBC _cLIBRO _d33724000294815 _eLIBRO _fc.8 _h4637 _i61618 _si |
||
| 949 |
_a311.2 S54 1956 _bBC _cLIBRO _d33724000294823 _eLIBRO _fc.11 _h63017 _i61618 _si |
||
| 999 |
_c56491 _d56491 |
||